| 000 | 00721nam a22002057a 4500 | ||
|---|---|---|---|
| 003 | OSt | ||
| 005 | 20250623014149.0 | ||
| 008 | 250623b |||||||| |||| 00| 0 eng d | ||
| 020 | _a9786214270552 | ||
| 040 |
_aDWCL - Main lib _cOC |
||
| 082 | _aFil. 657 T583f 2019 | ||
| 100 | _aTimbang, Ferdinand L. | ||
| 245 |
_aFundamentals of accountancy, Business, and management part 1/ _cFerdinand L. Timbang |
||
| 260 |
_aIntramuros Manila : _b Unlimited books library services & publishing inc. , _cc2019. |
||
| 300 |
_a xii , 315 pages : _b illustrations ; _c27cm. |
||
| 504 | _aIncludes bibliographical references | ||
| 650 | _a1. Accounting | ||
| 650 | _a2. Managerial accounting | ||
| 942 |
_2ddc _cBK - FIL _kFil. _n0 |
||
| 999 |
_c3230 _d3230 |
||